000
00275nam a2200097Ia 4500
008
240331s9999 xx 000 0 und d
082
_b
MEN
100
_a
Mendis, V.L.B
245
0
_a
British governors and colonial policy in Sri Lanka :
_b
the Ceylon historical journal
942
_c
L
999
_c
3478
_d
3478